00466cam a2200169ua 45000010005000000080039000050200018000440400009000620820011000711000027000822450054001092500009001632600053001723000021002256530014002466530036002601841110811n ii |||gr||||Z||||||eng a0-7069-2792-3 cMAIN a370.15 aChauhan, S. S.,d1978,1 aAdvanced educational psychologycby S. S. Chauhan a1st. aNew Delhi:bVikas publishing house pvt. ltd,985. axv; 487p:c23cm. aEducation aAdvanced educational psychology